<?xml version="1.0" encoding="UTF-8"?><?xml-stylesheet type="text/xsl" href="static/style.xsl"?><OAI-PMH xmlns="http://www.openarchives.org/OAI/2.0/" xmlns:xsi="http://www.w3.org/2001/XMLSchema-instance" xsi:schemaLocation="http://www.openarchives.org/OAI/2.0/ http://www.openarchives.org/OAI/2.0/OAI-PMH.xsd"><responseDate>2026-06-02T12:04:10Z</responseDate><request verb="GetRecord" identifier="oai:riuma.uma.es:10630/18115" metadataPrefix="marc">https://riuma.uma.es/rest/oai/request</request><GetRecord><record><header><identifier>oai:riuma.uma.es:10630/18115</identifier><datestamp>2026-02-03T11:48:36Z</datestamp><setSpec>com_10630_2254</setSpec><setSpec>col_10630_37959</setSpec></header><metadata><record xmlns="http://www.loc.gov/MARC21/slim" xmlns:dcterms="http://purl.org/dc/terms/" xmlns:doc="http://www.lyncode.com/xoai" xmlns:xsi="http://www.w3.org/2001/XMLSchema-instance" xsi:schemaLocation="http://www.loc.gov/MARC21/slim http://www.loc.gov/standards/marcxml/schema/MARC21slim.xsd">
   <leader>00925njm 22002777a 4500</leader>
   <datafield ind2=" " ind1=" " tag="042">
      <subfield code="a">dc</subfield>
   </datafield>
   <datafield ind2=" " ind1=" " tag="720">
      <subfield code="a">Laserna-Vázquez, José Javier</subfield>
      <subfield code="e">author</subfield>
   </datafield>
   <datafield ind2=" " ind1=" " tag="260">
      <subfield code="c">2019-07-23</subfield>
   </datafield>
   <datafield ind2=" " ind1=" " tag="520">
      <subfield code="a">Laser-induced breakdown spectroscopy is one the areas of analytical spectroscopy receiving a broadest interest. An increased understanding of the underlying phenomena occurring in the plasma and the use of new experimental strategies and improved instrumentation are current opening new fields of application of LIBS such as the analysis of nanoparticles or the use of molecular information in the plasma.&#xd;
In the present talk, advanced in the use of LIBS for the characterization of single nanoparticles will be presented. The detection power of LIBS will be discussed for multielemental single nanoparticles analyzed in an optical trap. Also, some results on the chemistry in laser-induced plasmas will be presented with focus on the potential use of LIBS molecular fingerprints for space exploration.</subfield>
   </datafield>
   <datafield ind1="8" ind2=" " tag="024">
      <subfield code="a">https://hdl.handle.net/10630/18115</subfield>
   </datafield>
   <datafield tag="653" ind2=" " ind1=" ">
      <subfield code="a">Química analítica</subfield>
   </datafield>
   <datafield tag="653" ind2=" " ind1=" ">
      <subfield code="a">Láser</subfield>
   </datafield>
   <datafield ind2="0" ind1="0" tag="245">
      <subfield code="a">Nanoparticle research and the chemistry in laser-induced plasmas for space exploration and astrobiology</subfield>
   </datafield>
</record>
</metadata></record></GetRecord></OAI-PMH>